Normal view MARC view

Entry Nome pessoal

Number of records used in: 1

001 - NÚMERO DE CONTROLE

  • campo de controle: 194

003 - IDENTIFICADOR DO NÚMERO DE CONTROLE

  • campo de controle: Br

005 - DATA E HORÁRIO DA ÚLTIMA TRANSAÇÃO

  • campo de controle: 20250123135055.0

008 - CAMPO DE DADOS FIXOS

  • campo de controle de tamanho fixo: 991111|| acnnnaab| aaaa d

035 ## - NÚMERO DE CONTROLE DO SISTEMA

  • Número de Controle do Sistema: 99111117322921E50

040 ## - FONTE DA CATALOGAÇÃO

  • Instituição da catalogação original: Br
  • Instituição que transcreveu o registro: Br

100 1# - CABEÇALHO--NOME PESSOAL

  • Nome pessoal: Bulgakov, Mikhail Afanassievitch,
  • Datas associadas ao nome: 1891-1940

400 1# - REMISSIVA VER--NOME PESSOAL

  • Nome pessoal: Bulgakov, Mikhail Afanas'evich
  • Datas associadas ao nome: 1891-1940

400 1# - REMISSIVA VER--NOME PESSOAL

  • Nome pessoal: Bulgakov, M. A.
  • Datas associadas ao nome: 1891-1940
  • Forma completa do nome: (Mikhail Afanassievitch)

400 1# - REMISSIVA VER--NOME PESSOAL

  • Nome pessoal: Bulgakov, Mikhail
  • Datas associadas ao nome: 1891-1940

670 ## - FONTE POSITIVA DOS DADOS

  • Citação da fonte positiva dos dados: Autor de: O mestre e Margarita. 1985.
  • Dados encontrados na fonte localizada no subcampo: (Mikhail Bulgakov; ficha cat.; D.)

670 ## - FONTE POSITIVA DOS DADOS

  • Citação da fonte positiva dos dados: LC microf. 1977, set. 83
  • Dados encontrados na fonte localizada no subcampo: (AACR2; rem.; Bulgakov, Mikhail Afanas'evitch; D.)

670 ## - FONTE POSITIVA DOS DADOS

  • Citação da fonte positiva dos dados: Delta, 1970, v.2, p. 1134

670 ## - FONTE POSITIVA DOS DADOS

  • Citação da fonte positiva dos dados: Nov. Delta, 1985
  • Dados encontrados na fonte localizada no subcampo: (D.; escritor russo)

670 ## - FONTE POSITIVA DOS DADOS

  • Citação da fonte positiva dos dados: Koogan

675 ## - FONTE NEGATIVA DOS DADOS

  • Citação da fonte positiva dos dados: Deltas, 1980/1982

Powered by Koha